000 00322nam a2200133Ia 4500
100 _aTheraja/B.L.
942 _cBK
654 _aelectrical
245 _aFund. of electrical engg. and electronics
260 _bNirja construction and devpt
_aNew Delhi
_c1984
082 _a621.3
_bTHE
300 _a752
546 _aENGLISH
999 _c23857
_d23857